| 000 | 00600nam a2200217 i 4500 | ||
|---|---|---|---|
| 001 | 91992 | ||
| 003 | ES-MaACL | ||
| 005 | 20230906180854.0 | ||
| 007 | t| | ||
| 008 | 050315s1976 cu ||||1| spa d | ||
| 080 | _a821.134.2(729.1)-92"19" | ||
| 100 | 1 |
_aOtero, Lisandro. _987895 |
|
| 245 | 1 | 0 |
_aTrazado / _cLisandro Otero. |
| 250 | _a1ª ed. | ||
| 260 |
_aLa Habana : _bUnión de Escritores y Artistas de Cuba, _c1976. |
||
| 300 |
_a268 p. ; _c21 cm. |
||
| 490 | 1 | _aContemporáneos | |
| 830 | 0 |
_aContemporáneos _9182257 |
|
| 852 |
_aES-MaACL _jE-10831 _bR.130031 |
||
| 999 |
_c91992 _d91992 |
||